Prognózovanie sadania vysokých železničných násypov metódou kolokácie

Bibliographic Details
Main Author: Cebecauer, Dušan, 1942-1997 (Author)
Format: Article
Language:Slovak
PhysicalDescription:Tb. 1. Grafy 6. Res. slov., rus., angl., nem., lit. 5 zázn. v češ., ruš., nem., angl.
Subjects:

MARC

LEADER 00000nab a2200000 a 4500
001 vtls000258736
003 SK-MaSNL
005 20260303200950.0
008 160204c1985 xo 0 slo
015 |a SNBRA19rr/mm-uuuuu 
035 |a CL0268850 
040 |a SNKBUCL  |b slo  |c SNKBUCL  |e AACR2 
041 0 |a slo 
044 |a xo  |c SK 
080 |a 625.12:528.482:517  |2 1981 
080 |a 528.482  |2 1981 
080 |a 517  |2 1981 
080 |a 624.131.54  |2 1981 
100 1 |a Cebecauer, Dušan,  |d 1942-1997  |4 aut  |9 38877 
245 1 0 |a Prognózovanie sadania vysokých železničných násypov metódou kolokácie  |c Dušan Cebecauer 
300 |b Tb. 1. Grafy 6. Res. slov., rus., angl., nem., lit. 5 zázn. v češ., ruš., nem., angl. 
650 0 7 |a železničné násypy  |2 snkbucl  |9 1231587 
650 0 7 |a sadanie konštrukcií  |2 snkbucl  |9 1231589 
650 0 7 |a kolokácia  |2 snkbucl  |9 88540 
655 7 |a články zo zborníkov  |2 snkbucl  |9 166140 
773 0 |t Práce a štúdie Vysokej školy dopravy a spojov v Žiline. Séria stavebná. Zv. 9  |d Bratislava : Alfa, 1985  |g S. 91-98 
850 |a Slovenská národná knižnica v Martine  |a MTA001 
852 |a SNK  |b KIS3GCP 
958 |a NB 
958 |a RK 
992 |a RZB 
999 |c 2170834  |d 2172764